000 00785nam a2200193 a 4500
008 160520s2015 ||||||||||||||||| || u
020 _a9780472072491
050 _aJZ 1318 Wei
100 _aWeinert, Matthews S
245 1 0 _aMaking human: world order and the global governance of human dignity.
_cby Matthews S. Weinert
260 _aMichigan
_bUniversity of Michigan Press
_c2015
300 _axiii, 265p.
350 _a75.00
500 _aIncludes an index
650 _aHUMAN SECURITY--INTERNATIONAL COOPERATION
650 _aSECURITY, INTERNATIONAL--SOCIAL ASPECTS
650 _aGLOBALISATION--SOCIAL ASPECTS
995 _FCBU-MAIN LIBRARY (Kitwe)
_I75.00
_M1
_UAVAILABLE
_WMay 23, 2016
_ZMain Library Open Access Collection
999 _c49731
_d49731